| 000 | 01122cam a22003375i 4500 | ||
|---|---|---|---|
| 999 |
_c28531 _d28502 |
||
| 001 | 20917494 | ||
| 003 | EG-ScBUE | ||
| 005 | 20200720160809.0 | ||
| 008 | 190404t20202020maua f 001 0 eng d | ||
| 020 | _a9780135116692 (pbk.) | ||
| 020 | _a0135116694 | ||
| 040 |
_aDLC _beng _erda _cDLC _dEG-ScBUE |
||
| 082 | 0 | 4 |
_a006.31 _bKRO _222 |
| 100 | 1 |
_aKrohn, Jon, _eauthor. |
|
| 245 | 1 | 0 |
_aDeep learning illustrated : _ba visual, interactive guide to artificial intelligence / _cJon Krohn, with Grant Beyleveld, and Aglae Bassens. |
| 264 | 1 |
_aBoston, MA : _bAddison-Wesley, _c[2020] |
|
| 264 | 4 | _cc2020 | |
| 300 |
_axxxviii, 368 pages : _billustrations ; _c24 cm. |
||
| 336 |
_atext _btxt _2rdacontent |
||
| 337 |
_aunmediated _bn _2rdamedia |
||
| 338 |
_avolume _bnc _2rdacarrier |
||
| 490 | 0 | _aAddison-Wesley data and analytics series | |
| 500 | _aIncludes index. | ||
| 650 | 7 |
_aArtificial intelligence. _2BUEsh |
|
| 650 | 7 |
_aMachine learning. _2BUEsh |
|
| 653 |
_bCOMSCI _cJuly2020 |
||
| 655 |
_vReading book _934232 |
||
| 700 | 1 |
_aBeyleveld, Grant, _eauthor. |
|
| 700 | 1 |
_aBassens, AglaƩ _eauthor. |
|
| 942 |
_2ddc _cBB |
||